Najbogatsze firmy na świecie - Statystyki

Ogólne statystyki
  • Ten quiz został rozwiązany 5 380 razy
  • Średni wynik to 7 z 15
Statystyki odpowiedzi
Miejsce Odpowiedź % Poprawnych
1) Apple
86%
6) Samsung
71%
4) Microsoft
69%
2. Google
66%
9) Facebook
64%
3. Amazon
63%
13) BMW
48%
5) Coca-Cola
38%
10) Mcdonald's
38%
7) Toyota
32%
8) Mercedes-Benz
21%
14) Disney
20%
11) Intel
17%
12) IBM
11%
15) Cisco
9%
Nie znaleziono quizów pasujących do podanych kryteriów
Rozkład punktacji
Procent ludzi z każdym wynikiem
Percentyl według liczby udzielonych odpowiedzi
Twoja historia wyników
Nie rozwiązałeś tego quizu